[Event "Reykjavik Open"]
[Site "Reykjavik"]
[Date "2018.03.11"]
[Round "6.14"]
[White "Cummings, David H"]
[Black "Hjartarson, Johann"]
[Result "1/2-1/2"]
[WhiteElo "2322"]
[BlackElo "2513"]
[Annotator "David Cummings"]
[PlyCount "93"]
[EventDate "2018.03.06"]
[EventType "swiss"]
[EventRounds "9"]
[EventCountry "ISL"]
[SourceTitle "ChessCanada"]
[Source "CFC"]
[SourceDate "2020.02.14"]
[SourceVersion "1"]
[SourceVersionDate "2020.02.14"]
[SourceQuality "1"]

{[%mdl 32768]} {My opponent was a top player in the 1980s and early 90s,
winning a Candidates match against Korchnoi in 1988. He has returned to
tournament play in recent years, maintaining a 2500+ level.} 1. c4 g6 2. e4 {
An anti-Grunfeld move order.} e5 {Black in turn avoids a standard King's
Indian or Modern Defence, but enters a line that has its own unique character
and theory.} 3. d4 Nf6 4. Nf3 exd4 5. e5 Ne4 6. Qxd4 {[#]} Nc5 $6 {After
lengthy thought, my opponent came up with an improvised move (and a novelty)
which, however, doesn't work out well for him.} (6... Bb4+ {is the main line,
but this can get very sharp, especially after} 7. Kd1 $5 {which came to
prominence through the 2016 game Potkin-Wei Yi, which I analyzed in my book.
editor - it continued:} f5 8. exf6 Nxf6 9. Qh4 d5 10. Bg5 Be7 11. cxd5 Nxd5 12.
Bc4 $1 {with a wild position where, incredibly, Black has no good discovered
checks with the centralized Nd5!} Nc6 13. Bxd5 $2 (13. Nbd2 $16) 13... Be6 $2
14. Bxe7 Nxe7 15. Re1 Bxd5 $2 16. Kc2 $1 Qd7 17. Nc3 $18 Qf5+ 18. Kc1 O-O-O 19.
Rxe7 Bxf3 20. gxf3 Qxf3 21. Qg3 Qc6 22. Kc2 Rd6 23. Rae1 Rhd8 24. R1e2 a5 25.
Qe5 {1-0 Potkin,V (2585)-Wei,Y (2714) Moscow, 2016.}) 7. Bg5 Ne6 8. Bxd8 Nxd4
9. Bf6 Nxf3+ {This is forced, since after} (9... Nc2+ 10. Kd1 Nxa1 11. Bxh8 {
White will pick up the a1-knight sooner or later.}) 10. gxf3 Bb4+ {[#]} 11. Nc3
{The engine prefers} (11. Nd2 {with a big advantage for White, but I thought
that opening lines was more important than getting a second pair of doubled
pawns.}) 11... O-O 12. O-O-O ({editor -} 12. Kd2 {looks like a way to keep the
pawns solid, but Black has} d5 $1 {and White's exposed K will hurt more than
the doubled c-pawns.}) 12... Bxc3 13. bxc3 Na6 {[#] At first sight, it looks
like Black is hopelessely behind in development, but in fact he can unravel
fairly quickly (at the cost of a pawn) starting with ...d7-d6.} 14. h4 h5 15.
Rg1 Re8 16. f4 {White tries to open the position for his rooks and bishops
before Black can consolidate.} d6 17. exd6 cxd6 18. Rxd6 Bg4 {[#] Black now
threatens to generate significant counterplay, with his e8-rook entering
White's position, and ...Na6-c5 in the air.} 19. f3 $1 {The most difficult
move in the game. By this point I had more than caught up with my opponent on
the clock, and in fact got into time trouble before move 30.} ({If White plays
routinely with for example} 19. Bg2 Nc5 20. f5 Re2 {then Black starts to
generate threats.}) 19... Bxf3 20. Bd4 $1 {[#] This was my idea. By defending
the g1-rook and dominating the a6-knight, White manages to coordinate his
forces.} Re1+ {If instead} (20... Rad8 21. Rxd8 Rxd8 22. f5 {the position
opens up and White's bishops will take over.}) 21. Kb2 {This felt more natural
to me, although} (21. Kd2 {may be even stronger, for example} Ra1 22. c5 Rxa2+
23. Ke3 Bg4 24. Bc4 Re8+ 25. Be5 {followed by 26.Rxg6+ wins.}) 21... Bg4 22.
Bg2 Re2+ 23. Ka3 Nc7 24. Bxb7 Rb8 25. Bd5 Ne6 {[#]} 26. c5 {The centralized
bishops and dangerous passed c-pawn give White a close to winning position.} (
26. Be5 $1 Rbb2 27. c5 $18) 26... Nxf4 27. Rb1 {Wresting the b-file from
Black's control.} Rbe8 (27... Rxb1 $4 {loses to} 28. Rd8+ Kh7 29. Rh8#) {[#]}
28. Bxf7+ $6 {A shame. With only a few minutes left to move 40, I went for the
clarity of a superior rook and opposite coloured bishop endgame, but this
throws away a large part of White's advantage.} (28. Bc4 {is tremendous for
White. A sample line is} R2e7 29. c6 Be6 30. Ba6 Bc8 31. Rb8 Bxa6 32. Rdd8 {
and White makes decisive material gains.}) 28... Kxf7 29. Rf6+ Kg8 30. Rxf4 Be6
31. Rf2 Bd5 32. Rb2 R2e6 33. Rb4 Re2 34. Rxe2 Rxe2 35. c4 Bc6 36. Rb8+ Kf7 37.
Rc8 Re6 38. Rc7+ Ke8 {[#]} 39. Rxa7 {The last big chance was} (39. Kb4 $1 {
when White retains good winning chances. editor - The Kb4 defends the c-pawns
and now White threatens both Rxa7 and Be5-d6.}) 39... Re4 40. Bf6 Rxc4 41. Re7+
Kf8 42. Re5 Re4 {Forcing the rooks off when the draw becomes clear.} 43. Rxe4
Bxe4 44. Kb4 Ke8 45. a4 Kd7 46. a5 Bd3 47. Kc3 1/2-1/2

[Event "50+ World Senior Team Championship"]
[Site "Dresden"]
[Date "2018.07.14"]
[Round "8.1"]
[White "Cummings, David H"]
[Black "Fritsche, Lutz"]
[Result "1-0"]
[WhiteElo "2336"]
[BlackElo "2303"]
[Annotator "David Cummings"]
[PlyCount "81"]
[EventDate "2018.??.??"]
[EventType "team-swiss"]
[EventCountry "GER"]
[SourceTitle "ChessCanada"]
[Source "CFC"]
[SourceDate "2020.02.14"]
[SourceVersion "1"]
[SourceVersionDate "2020.02.14"]
[SourceQuality "1"]
[WhiteTeam "Canada"]
[BlackTeam "Germany"]
[WhiteTeamCountry "CAN"]
[BlackTeamCountry "GER"]

{[%mdl 32768]} {This game was played in Canada's 3-1 win against Germany 2 who
had a similar average rating to our team. This was probably our best match
result in Dresden, and set up the final round clash with eventual champions
USA.} 1. d4 {Although I opened with 1 d4, the game transposed into the KID
line I recommended in my 1.c4 repertoire.} Nf6 2. Nf3 g6 3. c4 Bg7 4. Nc3 O-O
5. e4 d6 6. Be2 Nbd7 7. O-O e5 8. d5 {[#] Here 8.Be3 is White's most
fashionable choice these days. 8 d5 is a slightly older line that I analyzed
and adopted because it has a similar feel to the Petrosian Variation (6....e5
7 d5).} Nc5 9. Qc2 a5 10. Bg5 Bd7 {Already a slight inaccuracy. Black should
push the bishop back with} (10... h6 11. Be3 {and now} b6 {is the main move})
11. Nd2 Qe8 12. b3 {[#]} Kh8 $6 {Black is making typical King's Indian moves,
but they are a bit out of context and he isn't generating counterplay quickly
enough to combat White's queenside expansion.} ({editor - Leela and Stockfish
both opt for} 12... Nh5 $5 {, and rate White as having a small advantage...
which diminishes the further they analyze!?}) 13. a3 Ng8 14. b4 Na6 {If Black
goes for the typical sequence} (14... axb4 15. axb4 Na4 $2 {then} 16. Nb5 $1 {
is crushing as White wins the c-pawn after} Bxb5 17. cxb5 Nb6 18. Qxc7 {etc.})
15. Qb2 {A slightly unsual placement of the queen, but I figured that my
opponent wanted to trade the dark squared bishops. In that case the queen is
well placed with an x-ray to Black's king along the a1-h8 diagonal.} f5 16. f3
{[#]} Bf6 {I was out of book well before this point, but an older game instead
saw} (16... f4 17. c5 $1 {a typical idea we will see in the game} axb4 18. axb4
dxc5 19. Bxa6 cxb4 20. Bxb7 bxc3 21. Qxc3 Rxa1 22. Rxa1 {and White had an
overwhelming advantage thanks to his queenside penetration, Khusenkhojaev,M 
(2377)-Daulyte,D (2222) St Petersburg 2007 (1-0, 36).}) 17. Be3 Qe7 18. c5 $1 {
[#] One of White's typical ideas in Petrosian-like setups with Black's knight
stuck on the a6-square. White offers a temporary pawn sac, and his queenside
play moves very quickly.} Bg5 {Grabbing the pawn doesn't help, since after} (
18... dxc5 19. b5 Nb8 20. Nc4 {Black's pieces are hopelessely uncoordinated.} {
editor - e.g.} b6 21. d6 $1 cxd6 22. Nd5 $18) 19. Bxg5 Qxg5 20. Nc4 axb4 21.
axb4 Qe7 22. c6 $1 {The thematic follow up to 18 c5.} bxc6 23. dxc6 Bxc6 24. b5
Rfb8 {[#] Black uses the pin on the b5-pawn to avoid losing a piece to the
fork, but I had calculated that I was still winning material.} 25. Qd2 Bxb5 26.
Nxb5 Rxb5 27. Ne3 {This is the point. Black either loses the a6-knight or has
to drop an exchange.} c6 (27... Rb6 28. Nd5 {followed by Nxb6.}) 28. Bxb5 cxb5
29. exf5 Qc7 30. fxg6 hxg6 31. Nd5 {[#] White has an extra exchange for a pawn
but his position is winning since he has more active pieces and Black's king
is exposed. I managed to wrap up the game from here.} Qb7 32. Rfd1 Nc5 33. Rxa8
Qxa8 34. Nb6 Qa3 35. Qxd6 Qe3+ 36. Kf1 Nb3 37. Nd7 e4 38. Qe5+ Kh7 39. Nf8+ Kh6
40. Qh8+ Kg5 41. Rd5+ 1-0

[Event "Chess to Remember"]
[Site "Toronto"]
[Date "2018.09.23"]
[Round "3.2"]
[White "Cummings, David H"]
[Black "Bykhovsky, Avigdor"]
[Result "1-0"]
[WhiteElo "2314"]
[BlackElo "2563"]
[Annotator "David Cummings"]
[PlyCount "83"]
[EventDate "2018.??.??"]
[EventType "swiss (rapid)"]
[EventRounds "5"]
[EventCountry "CAN"]
[SourceTitle "ChessCanada"]
[Source "CFC"]
[SourceDate "2020.02.14"]
[SourceVersion "1"]
[SourceVersionDate "2020.02.14"]
[SourceQuality "1"]

{[%mdl 32768]} {My opponent is a Russian GM, currently living in Israel. He
has visited Toronto to play in the Armenian Genocide Memorial Rapid tournament
a couple of times, winning the event in 2017.} 1. c4 e5 2. Nc3 Nf6 3. Nf3 Nc6
4. e3 {The line of the English that I cover in my book.} d6 5. d4 Bg4 $6 {
My opponent appeared to be surprised by the opening and chose an offbeat
response.} 6. d5 Ne7 7. Be2 Nd7 8. e4 {[%mdl 64] [#]Critical Position
KID-style with ...g6 or something else?} g6 $6 {Black soon ends up in a King's
Indian setup where he is missing the key light-squared bishop. Looking at
Bykhovsky's games in the database, he doesn't appear to be a KID player, so no
doubt was not comfortable with the way things went.} 9. h4 {Not a bad idea,
but White missed the tactical solution} (9. Nxe5 $1 {which wins a pawn since}
Bxe2 10. Nxd7 Bxd1 $4 11. Nf6# {takes advantage of the move 8...g6}) ({editor
- and Black doesn't recover the pawn with} 9. Nxe5 Nxe5 10. Bxg4 Nxc4 $2 {
because of} 11. Qa4+ $18) 9... Bg7 10. Ng5 ({editor - looking at the game
score it might seem that} 10. Nd2 {would be a more efficient way to exchange
the LSBs; but that would give Black the option of trading on e2 and then
playing ...Bh6, trading the DSB before it gets burried. Instead, Ng5 stops ...
f5 (since Ne6 would win) and so "encourages" Black to weaken his kingside
light squares with ...h6, after which h4-h5 is a more serious positional
threat.}) 10... Bxe2 11. Qxe2 h6 12. Nf3 O-O 13. h5 {[#] White is not
expecting to generate a kingside attack here, but is aiming to lock up the
kingside so that he will get a free hand for a queenside attack.} g5 14. g4 {
As a bonus, the f5-square is now a juicy target for White's knights. If Black
still had his light-squared bishop, this would be much less serious for him.}
f6 {editor - computers rate this as a terrible move (-1), either because it
takes away a square from Black's already cramped minor pieces or weakens the
light squares further. If anything, Black should welcome a sac on g5.} 15. Be3
Rf7 16. Nd2 c5 {[#] It is hard to suggest a constructive plan for Black, so he
digs in and aims to defend against White's queenside expansion. I felt that
White's strategic advantages should be enough to secure an eventual
breakthrough.} 17. O-O a6 18. a3 Nc8 19. b4 b6 20. Rfb1 Ra7 21. Nf1 {There is
less for this knight to do on the queenside, so it relocates to target the
f5-outpost.} Rc7 22. Ng3 Ne7 {[#]} 23. bxc5 {Taking the opportunity to open
the b-file in a moment when Black is forced to recapture with the pawn.} bxc5 (
23... Nxc5 {drops the b-pawn to} 24. Rxb6) 24. Qc2 Ra7 25. Qa4 Nb6 26. Qa5 Nec8
27. Na4 Rfb7 {[%mdl 64] [#] Critical Position Black's position is very passive
but it looks like he is holding on. Using piece play, White has racheted up
the pressure as much as he can, so has to look at sacrifices in order to break
through.} 28. Bxc5 $1 {The sacrifice on c5 is a theme you should know when
playing White against KID. I don't recall where I first saw this, probably in
the famous Zurich 1953 book. As this was a Rapid game, I didn't have time to
calculate everything, but was confident that White had enough resources to
make it work in this particular situation.} dxc5 29. Nxc5 Rb8 30. Ne6 Qe8 31.
c5 {The pawns start rolling and it gets very grim for Black.} Nd7 32. Rxb8 Nxb8
33. Rb1 Nd7 34. Nf5 {[#] Finally the other knight enters the fray.} Bf8 35. c6
{Winning back some material while not slowing down White's initiative} Ndb6 36.
Rxb6 Nxb6 37. Qxb6 Ra8 38. Nc7 Rb8 39. Nxe8 Rxb6 40. c7 Rb1+ 41. Kg2 Rc1 42. d6
{In order to stop the pawns, Black has to give up both the rook and the bishop}
1-0

[Event "4NCL"]
[Site "England"]
[Date "2015.05.02"]
[Round "?"]
[White "Cummings, David H"]
[Black "Lyell, Mark"]
[Result "1-0"]
[WhiteElo "2337"]
[BlackElo "2312"]
[Annotator "David Cummings"]
[PlyCount "41"]
[EventDate "2015.05.02"]
[EventType "team-swiss"]
[EventRounds "11"]
[EventCountry "ENG"]
[SourceTitle "Chess Canada 2015.03"]
[Source "CFC"]
[SourceDate "2015.03.15"]
[SourceVersion "1"]
[SourceVersionDate "2015.08.29"]
[SourceQuality "1"]
[WhiteTeam "South Wales Dragons"]
[BlackTeam "Hackney"]
[WhiteTeamCountry "ENG"]
[BlackTeamCountry "ENG"]

{[%mdl 32768]} 1. d4 f5 2. Nc3 Nf6 3. Bg5 d5 4. f3 c5 5. e4 {Diagram [#] After
only 5 moves we have a fairly rare and sharp position, which only gets more
crazy in the next few moves..} cxd4 (5... Nc6 {is an alternative.}) 6. Qxd4 Nc6
7. Bb5 Kf7 $2 {Black tries to make things "interesting" but it is hard to
believe this can be a good move.} (7... dxe4 {was preferable, when after} 8.
Qxd8+ Kxd8 9. fxe4 fxe4 10. O-O-O+ {White has good play for the pawn.}) 8. Qa4
d4 ({Black continues with his plan to build a pawn centre, but} 8... dxe4 {
was again better.}) 9. O-O-O e5 {Diagram [#] Already a critical point of the
game. Here I came up with a piece sacrifice based largely on intuition.} 10.
Bc4+ $5 (10. f4 $1 {was best here, blasting open the position to expose
Black's King.}) 10... Kg6 ({Black could play} 10... Ke8 {though unless Black
saw that he is losing by force, it would be hard to admit that the whole 7...
Kf7 concept was a mistake.}) 11. exf5+ $6 ({Proceeding with the piece sac,
though objectively} 11. h4) ({or} 11. f4 {were better.}) {[#]} 11... Bxf5 {
This move, and Black's next, are natural, but lead to a lost position. Instead,
Black should grab the offered piece with:} (11... Kxg5 {and after} 12. h4+ Kh6
13. g4 {he has the counter-intuitive} Bxf5 $1 {when White needs to find} 14.
Nh3 ({the main point being that after} 14. gxf5 $4 {Black has the astonishing
resource} Qa5 $1 {which simply wins for Black}) 14... Be7 {and in a game
between two humans, anything could happen. The computer gives this position as
dynamically equal, a sample line being} ({If now} 14... Qa5 {White has the
counterblow} 15. g5+ Kg6 16. Qb3) 15. g5+ Kg6 16. gxf6 gxf6 17. Rdg1+ Kh6 18.
Ne4 Na5 19. Ng3 Bd7 20. Bb5 Be6 {though I'd still prefer to be White here.})
12. g4 Bd7 $2 {[%mdl 64]} ({The real losing move, although after} 12... Kxg5 {
White has the extra resource} 13. f4+ {with a strong attack. Now White has two
pieces hanging, but...}) {Diagram [#] Critical Position White to play and win.}
13. Qb3 $1 {Creates unstoppable threats on the a2-g8 and b1-h7 diagonals.} Qe8
{Black simply can't defend against both threats of 14.Bf7+ and 14.Bd3+. My
opponent sportingly plays the resulting king-hunt out until checkmate is on
the board.} 14. h4 ({editor -} 14. Bd3+ {also wins} e4 15. Nxe4 Nxe4 16. Nh3
$18) 14... Na5 15. Bf7+ Qxf7 16. h5+ Kxg5 17. Nh3+ {Diagram [#]} Kh4 (17... Kh6
18. g5+ Kxh5 19. Qxf7+ {also mates quickly.}) 18. Nf2+ Kg3 {Now everything
wins of course, but White has a nice mate in 3 with:} 19. Ne2+ Kg2 20. Rdg1+
Kxf2 21. Rh2# {One of my earliest chess books was The King-Hunt by W.H.Cozens.
It was nice to get to play one in 19th century style!} 1-0

[Event "Reykjavik Open"]
[Site "Reykjavik"]
[Date "2017.04.26"]
[Round "9"]
[White "Saptarshi, Roy Chowdhury"]
[Black "Kleinman, Michael"]
[Result "0-1"]
[WhiteElo "2425"]
[BlackElo "2289"]
[Annotator "Michael Kleinman"]
[PlyCount "84"]
[EventDate "2017.??.??"]
[EventType "swiss"]
[EventRounds "9"]
[EventCountry "ISL"]
[SourceTitle "ChessCanada"]
[Source "CFC"]
[SourceDate "2020.02.14"]
[SourceVersion "1"]
[SourceVersionDate "2020.02.14"]
[SourceQuality "1"]

{[%mdl 32768] This game was played in round 9 of the Reykjavik Open, and I had
secured an IM norm, regardless of the result of this game. I was able to play
without pressure, and in this state, I was able to play a pretty good game.} 1.
e4 c5 2. Nf3 e6 3. d4 cxd4 4. Nxd4 Nc6 5. Nc3 Qc7 6. Be3 a6 7. Qd2 Nf6 8. O-O-O
Be7 9. f3 {[#] White opts for the English attack against the Taimanov.} b5 10.
g4 (10. Kb1 {can lead to interesting complications as can be seen from the
following game} Bb7 11. Bf4 e5 12. Nf5 exf4 13. Nd5 Nxd5 14. exd5 Nb4 15. c4
Bd6 16. a3 Be5 17. Qxb4 d6 18. cxb5 O-O 19. g3 axb5 20. Bxb5 $13 Rfb8 $2 21.
gxf4 Bc8 22. Nh6+ $8 $18 gxh6 23. fxe5 $4 (23. Rhg1+ $1 Bg7 24. Rxg7+ $1 $18)
23... Bf5+ $8 24. Ka1 Ra5 25. Rhg1+ Bg6 26. Qxd6 Qxd6 27. exd6 Raxb5 28. b4 Rd8
$17 29. Kb2 Rxd6 30. Kc3 Rbxd5 31. Rxd5 Rxd5 32. Kc4 Rh5 33. b5 $11 Rxh2 34. b6
Kf8 35. Rd1 Ke7 36. Kb5 Rb2+ 37. Kc6 Rc2+ 38. Kb5 Rb2+ 39. Kc6 Rc2+ 40. Kb5
Rb2+ 41. Kc6 {(1/2-1/2, 41) Anand,V (2785)-Movsesian,S (2672) Dubai rapid,
2014.}) 10... Nxd4 11. Qxd4 (11. Bxd4 {is the main line.} Bb7 12. g5 Nh5 13.
Be5 {is critical}) 11... Bb7 12. g5 Nh5 13. Ne2 Rc8 {[#]} 14. Qd2 $6 {This
position now resembles the 11. Bxd4 line, with the Bishop returning to e3, as
opposed to the critical line where it goes to e5.} (14. Rd2 Bc5 15. Qd3 Bxe3
16. Qxe3 Qc5 $11) 14... d5 15. f4 $6 (15. e5 Qxe5 (15... d4 $5) 16. f4 Qc7 17.
Nd4 $13) (15. exd5 Bxd5 $19 {Xa2 and Xf3.}) 15... d4 $5 16. Nxd4 Bxe4 17. Rg1
O-O {[#]} 18. Kb1 (18. Bg2 {was necessary.} Bxg2 (18... Bg6 $6 19. Nc6 $1) 19.
Rxg2 Bc5 20. Rf2 Rfd8 $15) 18... Bc5 19. Bd3 Bxd3 20. cxd3 Bxd4 21. Bxd4 Qxf4 {
[#] Black is up a pawn, and White does not really have any compensation.} 22.
Be3 Qf3 23. Rdf1 Qd5 24. Rg4 Rfd8 25. Rd4 Qb7 {Covering the f7 pawn.} (25...
Qe5 $2 26. Qf2) 26. Qf2 e5 27. Rh4 g6 $1 {[#]} 28. d4 (28. Rxh5 gxh5 29. Qf6 {
Here if it were White's move, White could play g6, and it looks like I could
get mated on the dark squares, but I have the strong 29.. . Qd5 creating
threats of my own.} Qd5 $1 $19) 28... Ng7 $1 {Since White's king is so weak,
it makes more sense to play for activity as opposed to trying to maintain the
material advantage.} 29. dxe5 Nf5 30. Rf4 Qd5 31. Bc1 Qd3+ 32. Ka1 Rc2 33. Qb6
$2 Rdc8 34. Qg1 {[#]} Qd5 ({Here the computer suggests bringing in the last
piece, the Knight, in a strange fashion.} 34... Nd4 35. Be3 (35. Rxd4 Qxd4 36.
Qxd4 Rxc1+ {and mate.}) 35... Ne2 36. Qf2 Nc1 $1 (36... Nxf4 37. Qxf4 $19) 37.
Qg1 Rxb2 $1 38. Rxc1 Rcc2 $1 39. Rxc2 Qxc2 $19) 35. e6 fxe6 36. a3 a5 {Opening
up the files near the White king.} 37. Kb1 Qd3 38. Ka2 b4 39. a4 Qd5+ {[#]
Repeating to reach time control.} 40. Kb1 (40. Ka1 R8c5 (40... Qc5 41. Qxc5
R8xc5 $19) 41. Qxc5 Qxc5 $19) 40... Qd3 41. Ka2 R8c3 $1 42. Ka1 (42. R1f3 Ra3+
43. Kb1 Rxc1+ 44. Kxc1 Ra1#) (42. Qg3 $5 Nxg3 (42... Ra3+ 43. Kb1 Rxc1+ $1 44.
Kxc1 Ra1#) 43. Rf8+ Kg7 44. R1f7#) 42... Ra3+ {With Qc3+-b3+-a2 mate to follow
on 43. bxa3.} 0-1